000 00639nam a2200241Ia 4500
003 OSt
005 20221007110144.0
006 a|||||r|||| 00| 0
007 ta
008 221006b |||||||| |||| 00| 0 eng d
024 _a20,495
037 _cTextual
040 _aLCO
_cLCO
_beng
041 _2eng
_aeng
082 _aZ1,8, L2
100 _aDdharmapratap
_9707155
245 0 _aAdvisory Jurisdiction of the International Court
260 _aOxford
_bClarendon Press London
_c1972
300 _a292
650 _aINTERNATIONAL COURT
942 _hZ1,8, L2
_cTEXL
999 _c1190058
_d1190058